[Event "GRE-ch U14 Girls"]
[Site "Peristeri"]
[Date "2023.07.09"]
[Round "9"]
[White "Tzima, Despoina Anna"]
[Black "Kollia, Evgenia"]
[Result "1/2-1/2"]
[WhiteElo "1153"]
[BlackElo "1235"]
[PlyCount "60"]
[EventDate "2023.07.03"]
[EventType "swiss"]
[EventRounds "9"]
[EventCountry "GRE"]
[SourceTitle "EXT 2024"]
[Source "ChessBase"]
[SourceDate "2023.10.10"]
[SourceVersion "1"]
[SourceVersionDate "2023.10.10"]
[SourceQuality "1"]

1. e4 c5 2. Nc3 d6 3. g3 Nf6 4. Bg2 e5 5. Nge2 Be7 6. 0-0 0-0 7. f4 Nc6 8. d3 Nd4 9. Nxd4 cxd4 10. Nb1 Bd7 11. Nd2 b5 12. Nf3 Bg4 13. h3 Bxf3 14. Qxf3 Rc8 15. Qd1 Rc6 16. Bd2 Qb6 17. Bb4 Re8 18. Rc1 a5 19. Bd2 Rec8 20. Rf2 b4 21. b3 Ne8 22. fxe5 dxe5 23. Qh5 f6 24. h4 g6 25. Qd1 Qc7 26. Bh6 Nd6 27. Bh3 Rd8 28. Be6+ Kh8 29. Bd5 Rb6 30. Qf1 Ne8 1/2-1/2

[Event "GRE-ch Online Blitz (Women) 1st"]
[Site "Tornelo INT"]
[Date "2021.02.07"]
[Round "10"]
[White "Kollia, Evgenia"]
[Black "Tripolitaki, Eirini"]
[Result "1-0"]
[WhiteElo "1195"]
[BlackElo "1056"]
[PlyCount "91"]
[EventDate "2021.02.07"]
[EventType "swiss (blitz)"]
[EventRounds "16"]
[EventCountry "GRE"]
[SourceTitle "EXT 2023"]
[Source "ChessBase"]
[SourceDate "2022.10.05"]
[SourceVersion "1"]
[SourceVersionDate "2022.10.05"]
[SourceQuality "1"]

1. e4 e5 2. Nf3 Nc6 3. Nc3 Bc5 4. Nxe5 Nxe5 5. d4 Bb6 6. dxe5 Qe7 7. Bf4 d6 8. exd6 cxd6 9. Bxd6 Qd8 10. Bg3 Qf6 11. Bd3 Nh6 12. 0-0 Bg4 13. Qd2 0-0 14. Bf4 Qg6 15. Bxh6 Bh3 16. g3 gxh6 17. Rfe1 Qf6 18. Qe2 Rad8 19. Rab1 Kh8 20. Nd5 Qg5 21. Nxb6 axb6 22. Qe3 Qxe3 23. fxe3 f5 24. exf5 Rg8 25. e4 Rg4 26. Rbd1 Rc8 27. c3 Rcg8 28. Re3 R4g7 29. Bc4 Bg4 30. Rd2 Rf8 31. Red3 Re7 32. Rd8 Ree8 33. Rxe8 Rxe8 34. Be6 b5 35. Rd7 Bh5 36. Rxb7 Be2 37. a3 Bd3 38. e5 Rf8 39. h3 Rd8 40. Rd7 Rxd7 41. Bxd7 Kg7 42. g4 Kf7 43. e6+ Kf6 44. Kf2 Ke7 45. Ke3 Bf1 46. h4 1-0

[Event "GRE-ch South U12 Girls"]
[Site "Athens"]
[Date "2020.08.29"]
[Round "2"]
[White "Papadopoulou, Marilena"]
[Black "Kollia, Evgenia"]
[Result "1-0"]
[WhiteElo "1342"]
[BlackElo "1168"]
[PlyCount "67"]
[EventDate "2020.08.28"]
[EventType "swiss"]
[EventRounds "7"]
[EventCountry "GRE"]
[SourceTitle "EXT 2023"]
[Source "ChessBase"]
[SourceDate "2022.10.05"]
[SourceVersion "1"]
[SourceVersionDate "2022.10.05"]
[SourceQuality "1"]

1. e4 c5 2. Nf3 d6 3. d4 cxd4 4. Nxd4 Nf6 5. Nc3 a6 6. Bg5 e6 7. f4 h6 8. Bh4 Qb6 9. Qd2 Qxb2 10. Nb3 Qa3 11. Bd3 Qb4 12. Bf2 d5 13. a3 Qe7 14. e5 Nfd7 15. 0-0 Qd8 16. Qe1 Nc6 17. Bg3 Be7 18. f5 0-0 19. Bf4 Bg5 20. g3 b5 21. Na2 Bb7 22. Qe2 Rc8 23. fxe6 fxe6 24. Qg4 Qe8 25. Rae1 Bxf4 26. gxf4 Qf7 27. Re3 Rfd8 28. Rg3 Nf8 29. f5 Nxe5 30. Qd4 Nxd3 31. fxe6 Qe7 32. Rf7 Nxe6 33. Rgxg7+ Kh8 34. Rh7+ 1-0

[Event "EU-ch U10 Girls"]
[Site "Bratislava"]
[Date "2019.08.08"]
[Round "7"]
[White "Kollia, Evgenia"]
[Black "Sekova, Olivia"]
[Result "1-0"]
[WhiteElo "1080"]
[BlackElo "1193"]
[PlyCount "93"]
[EventDate "2019.08.02"]
[EventType "swiss"]
[EventRounds "9"]
[EventCountry "SVK"]
[SourceTitle "EXT 2020"]
[Source "ChessBase"]
[SourceDate "2019.10.17"]
[SourceVersion "1"]
[SourceVersionDate "2019.10.17"]
[SourceQuality "1"]

1. e4 c5 2. Nf3 Nc6 3. d4 cxd4 4. Nxd4 g6 5. Bc4 Bg7 6. Be3 Nf6 7. Nc3 d6 8. 0-0 Ng4 9. Bb5 Nxe3 10. fxe3 Bd7 11. Qd2 0-0 12. Rad1 Ne5 13. a4 Bxb5 14. Ncxb5 a6 15. Na3 Qd7 16. b3 Bh6 17. Qe2 Qg4 18. Nf3 Qxe4 19. Nxe5 Bxe3+ 20. Kh1 Qxe5 21. Nc4 Qe6 22. Qxe3 Qxe3 23. Nxe3 Rac8 24. c4 Rfd8 25. Nd5 Re8 26. Rde1 Kf8 27. Re3 f5 28. Rfe1 e5 29. Kg1 Kf7 30. Kf2 b5 31. axb5 axb5 32. cxb5 Rc5 33. Nb4 Rxb5 34. Nc2 Rc8 35. Rc1 Rbc5 36. Re2 d5 37. Rd2 f4 38. g3 fxg3+ 39. hxg3 Rc3 40. b4 e4 41. Ke2 d4 42. Rf1+ Kg7 43. Nxd4 e3 44. Rd3 R3c4 45. Ne6+ Kg8 46. Rd8+ Rxd8 47. Nxd8 1-0

[Event "EU-ch U10 Girls"]
[Site "Bratislava"]
[Date "2019.08.07"]
[Round "6"]
[White "Zubkovskaya, Ekaterina"]
[Black "Kollia, Evgenia"]
[Result "1-0"]
[WhiteElo "1449"]
[BlackElo "1080"]
[PlyCount "87"]
[EventDate "2019.08.02"]
[EventType "swiss"]
[EventRounds "9"]
[EventCountry "SVK"]
[SourceTitle "EXT 2020"]
[Source "ChessBase"]
[SourceDate "2019.10.17"]
[SourceVersion "1"]
[SourceVersionDate "2019.10.17"]
[SourceQuality "1"]

1. e4 e5 2. Nf3 Nc6 3. Bb5 Bc5 4. 0-0 d6 5. c3 a6 6. Ba4 b5 7. Bb3 Bg4 8. h3 Bh5 9. d3 Nf6 10. Bg5 h6 11. Bxf6 Qxf6 12. Bd5 Kd7 13. Bxc6+ Kxc6 14. Nbd2 Rad8 15. Qc2 Kb7 16. b4 Bb6 17. c4 c6 18. a4 Rc8 19. Qa2 Ra8 20. Qb3 Rhd8 21. Rfb1 Qe6 22. Qb2 f6 23. Qc2 Rdc8 24. Ra3 g5 25. c5 dxc5 26. bxc5 Bc7 27. d4 Rd8 28. axb5 axb5 29. d5 cxd5 30. exd5 Qxd5 31. Rxb5+ Kc6 32. Rxa8 Rxa8 33. Rb1 Qxc5 34. Qf5 Qe7 35. Qe4+ Kd7 36. Qxa8 Qh7 37. Qd5+ Kc8 38. Rc1 Bf7 39. Qc5 Bh5 40. Ne4 Bg6 41. Nxf6 Qf7 42. Nd5 e4 43. Ne5 Qh7 44. Nxg6 1-0

[Event "EU-ch U10 Girls"]
[Site "Bratislava"]
[Date "2019.08.02"]
[Round "1"]
[White "Kollia, Evgenia"]
[Black "Sokolova, Victoria"]
[Result "1/2-1/2"]
[WhiteElo "1080"]
[BlackElo "1332"]
[PlyCount "42"]
[EventDate "2019.08.02"]
[EventType "swiss"]
[EventRounds "9"]
[EventCountry "SVK"]
[SourceTitle "EXT 2020"]
[Source "ChessBase"]
[SourceDate "2019.10.17"]
[SourceVersion "1"]
[SourceVersionDate "2019.10.17"]
[SourceQuality "1"]

1. e4 e5 2. Nf3 Nc6 3. Bb5 Nd4 4. Nxd4 exd4 5. c3 a6 6. Bc4 dxc3 7. Nxc3 b5 8. Bb3 Bb7 9. d3 Bc6 10. 0-0 Qf6 11. Bd5 g6 12. Bb3 Qe5 13. g3 0-0-0 14. Bxf7 Nf6 15. Bb3 Bd6 16. Bf4 Qh5 17. Qxh5 Nxh5 18. Bxd6 cxd6 19. Bf7 Nf6 20. f3 Rhf8 21. Bb3 h6 1/2-1/2